Testing of rubber and elastomers. Testing with the mooney shearing disk viscometer. (Record no. 73332)

MARC details
000 -LEADER
fixed length control field 00374nam a2200121Ia 4500
245 #0 - TITLE STATEMENT
Title Testing of rubber and elastomers. Testing with the mooney shearing disk viscometer.
260 ## - PUBLICATION, DISTRIBUTION, ETC. (IMPRINT)
Year of publication 1976
500 ## - GENERAL NOTE
General note Standard number: DIN 53 523 Part 1
650 ## - SUBJECT ADDED ENTRY--TOPICAL TERM
Topical Term Elastomers
650 ## - SUBJECT ADDED ENTRY--TOPICAL TERM
Topical Term Mooney shearing disk viscometer
942 ## - ADDED ENTRY ELEMENTS (KOHA)
Koha item type Standards
Holdings
Withdrawn status Lost status Damaged status Not for loan Collection code Home library Current library Date acquired Koha item type
      Standards DIN standards/German Standards RRII Library RRII Library 31/12/2021 Standards